Presidential leadership rating the best and the worst in the white house
Enregistré dans:
| Autres auteurs: | , |
|---|---|
| Format: | Livre |
| Langue: | anglais |
| Publié: |
New York
Free Press
2004
|
| Sujets: | |
| Tags: |
Pas de tags, Soyez le premier à ajouter un tag!
|
MARC
| LEADER | 00000nam$a2200000$$$4500 | ||
|---|---|---|---|
| 001 | 0106013 | ||
| 005 | 20240311125628.6 | ||
| 020 | |a 0-7432-5433-3 | ||
| 041 | 0 | |a eng | |
| 044 | |a US | ||
| 245 | 1 | 0 | |a Presidential leadership |b rating the best and the worst in the white house |c edited by James Taranto and Leonard Leo |
| 264 | 1 | |a New York |b Free Press |c 2004 | |
| 300 | |a vii, 291 s. | ||
| 610 | 2 | 0 | |a politika |
| 610 | 2 | 0 | |a prezidenti |
| 610 | 2 | 0 | |a životopisy |
| 610 | 2 | 0 | |a história |
| 610 | 2 | 0 | |a USA |
| 610 | 2 | 0 | |a lídri |
| 610 | 2 | 0 | |a vedenie |
| 610 | 2 | 0 | |a vodcovstvo |
| 700 | 1 | |a Taranto, James | |
| 700 | 1 | |a Leo, Leonard | |